[Event "RB-2021-0-00403"]
[Site "LSS email"]
[Date "2021.06.07"]
[Round "?"]
[White "Def, Persey"]
[Black "Langheld, Werner"]
[Result "0-1"]
[WhiteElo "1928"]
[BlackElo "1779"]
[PlyCount "74"]
[EventDate "2021.02.02"]
[EventType "tourn (corr)"]
[EventRounds "6"]
[EventCountry "GER"]
[SourceTitle "Corr 2024"]
[Source "ChessBase"]
[SourceDate "2023.10.19"]
[SourceVersion "1"]
[SourceVersionDate "2023.10.19"]
[SourceQuality "1"]

1. d4 Nf6 2. c4 b6 3. Nc3 Bb7 4. Qc2 d5 5. cxd5 Nxd5 6. Nf3 Nxc3 7. bxc3 e6 8. e4 Be7 9. Bb5+ c6 10. Bd3 c5 11. 0-0 cxd4 12. cxd4 0-0 13. Bb2 Nd7 14. Qe2 Rc8 15. a3 Qc7 16. Qe3 h6 17. Rfc1 Qb8 18. Re1 Rfe8 19. Rad1 Bc6 20. Ba6 Rcd8 21. Qe2 b5 22. d5 exd5 23. Nd4 Ba8 24. e5 Bc5 25. f4 b4 26. axb4 Qxb4 27. Bb5 a6 28. Bxd7 Rxd7 29. Kh1 Rc7 30. f5 Rce7 31. e6 fxe6 32. f6 gxf6 33. Qc2 f5 34. Re5 Bd6 35. Re3 Bf4 36. Rf3 Qb8 37. Re1 Rb7 0-1

[Event "SB-2021-0-00614"]
[Site "LSS email"]
[Date "2021.05.17"]
[Round "?"]
[White "Do Amaral, Rogerio"]
[Black "Def, Persey"]
[Result "1-0"]
[WhiteElo "1876"]
[BlackElo "1918"]
[PlyCount "49"]
[EventDate "2021.02.28"]
[EventType "tourn (corr)"]
[EventRounds "6"]
[EventCountry "GER"]
[SourceTitle "Corr 2024"]
[Source "ChessBase"]
[SourceDate "2023.10.19"]
[SourceVersion "1"]
[SourceVersionDate "2023.10.19"]
[SourceQuality "1"]

1. e4 c5 2. Nf3 Nc6 3. Bb5 g6 4. Nc3 Bg7 5. 0-0 e5 6. d3 Nge7 7. a3 0-0 8. Bc4 d6 9. Bg5 h6 10. Bxe7 Nxe7 11. b4 Rb8 12. b5 Qa5 13. Qd2 Bg4 14. Nd5 Qd8 15. Qe3 Kh7 16. a4 f5 17. h3 Nxd5 18. Bxd5 f4 19. Qe2 Bxf3 20. Qxf3 h5 21. a5 Qd7 22. Rfb1 Kh6 23. b6 a6 24. Kh2 Bf6 25. c3 1-0

[Event "SB-2021-0-00614"]
[Site "LSS email"]
[Date "2021.05.15"]
[Round "?"]
[White "Def, Persey"]
[Black "Mueller, Bernd"]
[Result "0-1"]
[WhiteElo "1918"]
[BlackElo "1898"]
[PlyCount "58"]
[EventDate "2021.02.28"]
[EventType "tourn (corr)"]
[EventRounds "6"]
[EventCountry "GER"]
[SourceTitle "Corr 2024"]
[Source "ChessBase"]
[SourceDate "2023.10.19"]
[SourceVersion "1"]
[SourceVersionDate "2023.10.19"]
[SourceQuality "1"]

1. Nf3 d5 2. c4 d4 3. b4 Nf6 4. g3 c5 5. Bg2 cxb4 6. a3 b3 7. Qxb3 Nc6 8. 0-0 e5 9. d3 Be7 10. Nbd2 0-0 11. a4 a5 12. Ba3 Nd7 13. Bxe7 Qxe7 14. Qb5 Rd8 15. Rfc1 Nc5 16. Nb3 Nxb3 17. Qxb3 Nb4 18. Ne1 h6 19. Rcb1 Rd6 20. Nc2 Rb6 21. Nxb4 Qc5 22. Nd5 Rxb3 23. Rxb3 Ra7 24. Rb5 Qd6 25. Rab1 Be6 26. Be4 Kf8 27. c5 Qd7 28. Nb6 Qc7 29. Nc4 Bxc4 0-1

[Event "SB-2021-0-00611"]
[Site "LSS email"]
[Date "2021.03.08"]
[Round "?"]
[White "Def, Persey"]
[Black "Csaba, Fodor"]
[Result "1/2-1/2"]
[WhiteElo "1913"]
[BlackElo "1921"]
[PlyCount "108"]
[EventDate "2021.01.19"]
[EventType "tourn (corr)"]
[EventRounds "6"]
[EventCountry "GER"]
[SourceTitle "Corr 2024"]
[Source "ChessBase"]
[SourceDate "2023.10.19"]
[SourceVersion "1"]
[SourceVersionDate "2023.10.19"]
[SourceQuality "1"]

1. Nf3 Nf6 2. c4 g6 3. g3 Bg7 4. Bg2 0-0 5. 0-0 Nc6 6. d4 d6 7. Nc3 a6 8. d5 Na5 9. Nd2 c5 10. Qc2 Rb8 11. a4 Re8 12. b3 e6 13. Bb2 exd5 14. cxd5 b5 15. axb5 axb5 16. e4 Bd7 17. Nd1 c4 18. b4 Nb3 19. Nxb3 cxb3 20. Qd3 Ra8 21. Rb1 Ra4 22. Qxb3 Nxe4 23. Bxg7 Kxg7 24. Qb2+ Nf6 25. Nc3 Ra7 26. Rfe1 Bf5 27. Rbd1 Rae7 28. Qd2 Bg4 29. Rc1 Bd7 30. h3 h5 31. Ra1 Rxe1+ 32. Rxe1 Rxe1+ 33. Qxe1 Qe8 34. Qxe8 Nxe8 35. f3 Nc7 36. Kf2 Na6 37. Na2 Nc7 38. f4 Kf6 39. Ke3 Ke7 40. Kd4 Bc8 41. Nc1 Bb7 42. f5 Kf6 43. fxg6 fxg6 44. Be4 Bc8 45. Bg2 Kg5 46. Ne2 h4 47. g4 Bd7 48. Nc3 Kf4 49. Ne4 Na6 50. Nxd6 Nxb4 51. Be4 Kg3 52. Bxg6 Kxh3 53. Bf5 Bxf5 54. gxf5 Nxd5 1/2-1/2

[Event "SB-2021-0-00611"]
[Site "LSS email"]
[Date "2021.03.08"]
[Round "?"]
[White "Def, Persey"]
[Black "Seryakov, Alex"]
[Result "1/2-1/2"]
[WhiteElo "1913"]
[BlackElo "1807"]
[PlyCount "104"]
[EventDate "2021.01.19"]
[EventType "tourn (corr)"]
[EventRounds "6"]
[EventCountry "GER"]
[SourceTitle "Corr 2024"]
[Source "ChessBase"]
[SourceDate "2023.10.19"]
[SourceVersion "1"]
[SourceVersionDate "2023.10.19"]
[SourceQuality "1"]

1. Nf3 Nf6 2. c4 e6 3. g3 d5 4. Bg2 d4 5. 0-0 c5 6. e3 Nc6 7. d3 Bd6 8. exd4 cxd4 9. Bg5 h6 10. Bxf6 Qxf6 11. Nbd2 Qe7 12. Re1 0-0 13. Nb3 Qf6 14. Nfd2 Bc7 15. a3 a5 16. Rc1 Rd8 17. Nc5 Qe7 18. Na4 Bd7 19. f4 Qf8 20. Qb3 Ra7 21. Nb6 Be8 22. c5 Ne7 23. Be4 a4 24. Qc4 Nc6 25. Bg2 Ne7 26. Qb4 Bc6 27. Ndc4 Bxg2 28. Kxg2 Qe8 29. Re4 Ra6 30. Kf2 Kh7 31. Rc2 Ng8 32. Kg1 Nf6 33. Ree2 Kg8 34. h3 Nh5 35. Rg2 Kh7 36. Rce2 Nf6 37. Rgf2 Kg8 38. Rg2 Qc6 39. Ne5 Bxe5 40. Rxe5 Qf3 41. Qd2 Nd7 42. Nxd7 Rxd7 43. Qe2 Qc6 44. f5 exf5 45. Rxf5 g6 46. Re5 Kh7 47. Rf2 Qc7 48. h4 Rc6 49. h5 Rxc5 50. Rxc5 Qxc5 51. hxg6+ fxg6 52. Qe6 Qe7 1/2-1/2

[Event "RB-2020-0-00396"]
[Site "LSS email"]
[Date "2020.11.28"]
[Round "?"]
[White "Kraujunas, Vladas"]
[Black "Def, Persey"]
[Result "1/2-1/2"]
[WhiteElo "1866"]
[BlackElo "1879"]
[PlyCount "97"]
[EventDate "2020.07.03"]
[EventType "tourn (corr)"]
[EventRounds "6"]
[EventCountry "GER"]
[SourceTitle "Corr 2022"]
[Source "ChessBase"]
[SourceDate "2021.10.24"]
[SourceVersion "1"]
[SourceVersionDate "2021.10.24"]
[SourceQuality "1"]

1. e4 e5 2. Nf3 Nc6 3. Bb5 Nf6 4. 0-0 Nxe4 5. d4 Nd6 6. Bxc6 dxc6 7. dxe5 Nf5 8. Qxd8+ Kxd8 9. Nc3 Ke8 10. h3 Be7 11. Rd1 h6 12. Ne2 b6 13. b3 Bb7 14. Bb2 c5 15. Nc3 Bxf3 16. gxf3 c6 17. Ne4 Rd8 18. f4 Nd4 19. Bxd4 cxd4 20. Re1 Rg8 21. Kf1 Kd7 22. Rad1 Ke6 23. Nd6 Bxd6 24. exd6+ Kd7 25. Re7+ Kxd6 26. Rxa7 Kc5 27. Ke2 Rge8+ 28. Kf3 f5 29. Rxg7 Kb4 30. Rd3 Ka3 31. c3 Kxa2 32. cxd4 c5 33. d5 Kb2 34. Rb7 Rd6 35. h4 h5 36. Re3 Rg8 37. Re6 Rg6 38. Rbe7 Rgxe6 39. Rxe6 Rxd5 40. Rxb6 Rd3+ 41. Ke2 Rxb3 42. Rc6 Rb5 43. Kd3 Kb3 44. Rc8 Kb4 45. Kc2 c4 46. Rh8 Ra5 47. Rxh5 Ra2+ 48. Kb1 Rxf2 49. Rxf5 1/2-1/2

[Event "RC-2020-0-00247"]
[Site "LSS email"]
[Date "2020.09.30"]
[Round "?"]
[White "Def, Persey"]
[Black "Farr, Dorota"]
[Result "1-0"]
[WhiteElo "1799"]
[BlackElo "1636"]
[PlyCount "57"]
[EventDate "2020.07.09"]
[EventType "tourn (corr)"]
[EventRounds "6"]
[EventCountry "GER"]
[SourceTitle "Corr 2022"]
[Source "ChessBase"]
[SourceDate "2021.10.24"]
[SourceVersion "1"]
[SourceVersionDate "2021.10.24"]
[SourceQuality "1"]

1. e4 e5 2. Nf3 Nc6 3. Bc4 Bc5 4. c3 Nf6 5. d3 a6 6. 0-0 d6 7. a4 0-0 8. Bg5 h6 9. Bh4 Ba7 10. Nbd2 g5 11. Bg3 g4 12. Bh4 Kg7 13. Kh1 gxf3 14. Qxf3 Rg8 15. h3 Qe7 16. g4 Rh8 17. Rg1 Nd8 18. d4 b5 19. axb5 Ne6 20. Bxe6 Qxe6 21. d5 Qe7 22. Rg3 Kg6 23. Rag1 Bb6 24. g5 Ng4 25. Rxg4 h5 26. R4g2 Kg7 27. Qf6+ Qxf6 28. gxf6+ Kf8 29. Nf3 1-0

[Event "RC-2020-0-00247"]
[Site "LSS email"]
[Date "2020.09.23"]
[Round "?"]
[White "Cruz Ramirez, Eliecer"]
[Black "Def, Persey"]
[Result "1/2-1/2"]
[WhiteElo "1786"]
[BlackElo "1799"]
[PlyCount "48"]
[EventDate "2020.07.09"]
[EventType "tourn (corr)"]
[EventRounds "6"]
[EventCountry "GER"]
[SourceTitle "Corr 2022"]
[Source "ChessBase"]
[SourceDate "2021.10.24"]
[SourceVersion "1"]
[SourceVersionDate "2021.10.24"]
[SourceQuality "1"]

1. e4 c6 2. d4 d5 3. Nc3 dxe4 4. Nxe4 Bf5 5. Ng3 Bg6 6. Nf3 Nd7 7. Bd3 e6 8. 0-0 Ngf6 9. Bxg6 hxg6 10. Re1 Bd6 11. c4 Qc7 12. Bg5 0-0 13. Qd2 c5 14. Ne4 Nxe4 15. Rxe4 Rfe8 16. Rae1 Nf6 17. Bxf6 gxf6 18. d5 e5 19. Rh4 Bf8 20. Rhe4 Rad8 21. g4 Bg7 22. h3 Rd6 23. R4e2 Ra6 24. b3 Rd6 1/2-1/2

[Event "RC-2020-0-00246"]
[Site "LSS email"]
[Date "2020.09.20"]
[Round "?"]
[White "Def, Persey"]
[Black "Seryakov, Alex"]
[Result "0-1"]
[WhiteElo "1799"]
[BlackElo "1705"]
[PlyCount "38"]
[EventDate "2020.05.30"]
[EventType "tourn (corr)"]
[EventRounds "6"]
[EventCountry "GER"]
[SourceTitle "Corr 2022"]
[Source "ChessBase"]
[SourceDate "2021.10.24"]
[SourceVersion "1"]
[SourceVersionDate "2021.10.24"]
[SourceQuality "1"]

1. e4 e5 2. Nf3 Nc6 3. Bc4 Bc5 4. c3 Nf6 5. d3 d6 6. 0-0 a5 7. h3 h6 8. a4 g5 9. Be3 g4 10. hxg4 Bxg4 11. Nbd2 Qe7 12. Re1 Bxe3 13. Rxe3 h5 14. d4 h4 15. Bb5 Bd7 16. d5 Nb8 17. Qb3 b6 18. Qc4 Kd8 19. b4 Qf8 0-1

[Event "RC-2020-0-00246"]
[Site "LSS email"]
[Date "2020.09.19"]
[Round "?"]
[White "Def, Persey"]
[Black "Cruz Ramirez, Eliecer"]
[Result "1-0"]
[WhiteElo "1799"]
[BlackElo "1741"]
[PlyCount "51"]
[EventDate "2020.05.30"]
[EventType "tourn (corr)"]
[EventRounds "6"]
[EventCountry "GER"]
[SourceTitle "Corr 2022"]
[Source "ChessBase"]
[SourceDate "2021.10.24"]
[SourceVersion "1"]
[SourceVersionDate "2021.10.24"]
[SourceQuality "1"]

1. e4 e5 2. Nf3 Nc6 3. Bc4 Bc5 4. c3 Nf6 5. d3 d6 6. 0-0 0-0 7. h3 a5 8. Nbd2 Be6 9. a4 h6 10. Re1 Nh5 11. d4 Bxc4 12. Nxc4 exd4 13. cxd4 Bb4 14. d5 Nb8 15. Re2 Bc5 16. Nd4 Bxd4 17. Qxd4 Qh4 18. g4 Nf6 19. Ra3 Nfd7 20. f4 b6 21. Bd2 Na6 22. Bc3 Qf6 23. e5 dxe5 24. fxe5 Qg6 25. e6 Rfe8 26. Ra1 1-0

[Event "OP-2020-0-05022"]
[Site "LSS email"]
[Date "2020.09.19"]
[Round "?"]
[White "Def, Persey"]
[Black "Nucci, Luciano"]
[Result "1/2-1/2"]
[WhiteElo "1799"]
[BlackElo "2030"]
[PlyCount "64"]
[EventDate "2020.09.14"]
[EventType "tourn (corr)"]
[EventRounds "4"]
[EventCountry "GER"]
[SourceTitle "Corr 2022"]
[Source "ChessBase"]
[SourceDate "2021.10.24"]
[SourceVersion "1"]
[SourceVersionDate "2021.10.24"]
[SourceQuality "1"]

1. e4 e6 2. d4 d5 3. Nc3 Nf6 4. e5 Nfd7 5. f4 c5 6. Nf3 Nc6 7. Be3 a6 8. Qd2 b5 9. a3 Qa5 10. Be2 b4 11. Nd1 Rb8 12. c3 bxc3 13. Nxc3 cxd4 14. Nxd4 Nxd4 15. Bxd4 Bc5 16. Bxc5 Qxc5 17. b4 Qa7 18. Rd1 0-0 19. Qd4 Qb6 20. 0-0 Bb7 21. Qxb6 Nxb6 22. Bd3 Rbc8 23. Ne2 h6 24. Nd4 Rc3 25. f5 exf5 26. Nxf5 g6 27. Nd6 Bc8 28. Nxc8 Rfxc8 29. Bxa6 Ra8 30. Bb5 Raxa3 31. Be8 Ra7 32. Rf6 Nc4 1/2-1/2

[Event "RC-2020-0-00246"]
[Site "LSS email"]
[Date "2020.09.19"]
[Round "?"]
[White "Def, Persey"]
[Black "Ramses, Luis"]
[Result "1-0"]
[WhiteElo "1799"]
[BlackElo "1694"]
[PlyCount "71"]
[EventDate "2020.05.30"]
[EventType "tourn (corr)"]
[EventRounds "6"]
[EventCountry "GER"]
[SourceTitle "Corr 2022"]
[Source "ChessBase"]
[SourceDate "2021.10.24"]
[SourceVersion "1"]
[SourceVersionDate "2021.10.24"]
[SourceQuality "1"]

1. e4 e6 2. d4 d5 3. Nc3 Nf6 4. e5 Nfd7 5. f4 c5 6. Nf3 Nc6 7. Be3 Qb6 8. Na4 Qa5+ 9. c3 cxd4 10. b4 Qc7 11. Nxd4 a6 12. Qd2 Be7 13. Bd3 0-0 14. 0-0 b5 15. Nb2 Nb6 16. a4 Bd7 17. Qc2 g6 18. a5 Nc4 19. Nxc4 bxc4 20. Be2 Rab8 21. Nf3 Na7 22. g3 Nb5 23. Nd4 Nxd4 24. Bxd4 Bc6 25. Qd2 Rfd8 26. g4 Kh8 27. Qe3 Rg8 28. Kh1 Qd8 29. f5 Bg5 30. Qh3 Rb5 31. Bd1 Rb8 32. Rf3 Bd7 33. Bc2 Be7 34. f6 Bf8 35. Be3 Bg7 36. Qxh7+ 1-0

[Event "OP-2020-0-05022"]
[Site "LSS email"]
[Date "2020.09.19"]
[Round "?"]
[White "Erturan, Soner"]
[Black "Def, Persey"]
[Result "0-1"]
[WhiteElo "800"]
[BlackElo "1799"]
[PlyCount "26"]
[EventDate "2020.09.14"]
[EventType "tourn (corr)"]
[EventRounds "4"]
[EventCountry "GER"]
[SourceTitle "Corr 2022"]
[Source "ChessBase"]
[SourceDate "2021.10.24"]
[SourceVersion "1"]
[SourceVersionDate "2021.10.24"]
[SourceQuality "1"]

1. e4 c6 2. Nc3 d5 3. Qe2 dxe4 4. Nxe4 Bf5 5. d3 e6 6. g4 Bxe4 7. dxe4 Nd7 8. Bd2 Be7 9. 0-0-0 Qb6 10. Bc3 h5 11. Bxg7 Bf6 12. Bxf6 Ngxf6 13. g5 Ng4 0-1

[Event "RC-2020-0-00246"]
[Site "LSS email"]
[Date "2020.09.19"]
[Round "?"]
[White "Langheld, Werner"]
[Black "Def, Persey"]
[Result "1/2-1/2"]
[WhiteElo "1706"]
[BlackElo "1799"]
[PlyCount "97"]
[EventDate "2020.05.30"]
[EventType "tourn (corr)"]
[EventRounds "6"]
[EventCountry "GER"]
[SourceTitle "Corr 2022"]
[Source "ChessBase"]
[SourceDate "2021.10.24"]
[SourceVersion "1"]
[SourceVersionDate "2021.10.24"]
[SourceQuality "1"]

1. e4 c6 2. d4 d5 3. Nc3 dxe4 4. Nxe4 Bf5 5. Ng3 Bg6 6. h4 h6 7. Nf3 Nd7 8. h5 Bh7 9. Bd3 Bxd3 10. Qxd3 e6 11. Bf4 Qa5+ 12. Bd2 Qc7 13. 0-0-0 Ngf6 14. Qe2 0-0-0 15. Ne5 Nb6 16. Ba5 c5 17. Kb1 Kb8 18. Ne4 Nxe4 19. Qxe4 cxd4 20. Bxb6 axb6 21. Rxd4 Bc5 22. Rxd8+ Rxd8 23. Nd3 Bd4 24. a3 Bf6 25. Re1 Qc6 26. g4 Rd4 27. Qe2 Qg2 28. f3 Qxe2 29. Rxe2 Kc7 30. f4 Rd5 31. Re1 b5 32. Kc1 Kd8 33. Re3 Kd7 34. Re1 Ke7 35. Nb4 Rd7 36. c3 g6 37. hxg6 fxg6 38. Kc2 h5 39. Rg1 Kf7 40. Nd3 Rd5 41. Rg2 Bg7 42. Rg1 hxg4 43. Rxg4 Kf6 44. Ne1 Bh6 45. Ng2 e5 46. Nh4 g5 47. fxg5+ Bxg5 48. Nf3 Bf4 49. Nd4 1/2-1/2

[Event "SB-2012-0-00242"]
[Site "LSS email"]
[Date "2012.08.01"]
[Round "?"]
[White "Panov, Sergey Ivanovich"]
[Black "Def, Persey"]
[Result "1-0"]
[WhiteElo "2159"]
[BlackElo "1895"]
[PlyCount "83"]
[EventDate "2012.07.16"]
[EventType "tourn (corr)"]
[EventRounds "6"]
[EventCountry "GER"]
[SourceTitle "Telechess CBM 161"]
[Source "ChessBase"]
[SourceDate "2014.07.16"]
[SourceVersion "1"]
[SourceVersionDate "2014.07.16"]
[SourceQuality "1"]

1. Nf3 d5 2. d4 e6 3. c4 Be7 4. Nc3 Nf6 5. Bf4 0-0 6. e3 c5 7. dxc5 Bxc5 8. a3 Nc6 9. Qc2 Qa5 10. Rd1 Be7 11. Be2 Ne4 12. cxd5 Nxc3 13. bxc3 exd5 14. 0-0 Be6 15. a4 Bf6 16. Rb1 Rfc8 17. Rxb7 Nd8 18. Rb3 Rxc3 19. Rxc3 Qxc3 20. Qxc3 Bxc3 21. Rb1 Bf6 22. h4 Bg4 23. Bg5 Bxg5 24. hxg5 Ne6 25. Rb4 d4 26. a5 Nxg5 27. Nxd4 Bxe2 28. Nxe2 g6 29. Nd4 Ne4 30. Nc6 Nc5 31. Rb5 Ne6 32. Rb7 a6 33. Ne5 Rf8 34. Rb6 Ra8 35. Kf1 Kg7 36. g4 Nc5 37. f4 Rc8 38. g5 Rc7 39. Ng4 Rc8 40. Ke2 Rc7 41. Rb8 Nd7 42. Re8 1-0

[Event "LSS No Engine Cup 44 Final"]
[Site "LSS email"]
[Date "2012.02.19"]
[Round "?"]
[White "Def, Persey"]
[Black "Kolanek, Roman"]
[Result "1/2-1/2"]
[WhiteElo "1922"]
[BlackElo "2070"]
[PlyCount "62"]
[EventDate "2012.02.20"]
[EventType "tourn (corr)"]
[EventRounds "6"]
[EventCountry "GER"]
[SourceTitle "Telechess CBM 153"]
[Source "ChessBase"]
[SourceDate "2013.03.14"]
[SourceVersion "1"]
[SourceVersionDate "2013.03.14"]
[SourceQuality "1"]

1. c4 c5 2. g3 Nf6 3. Bg2 e5 4. Nc3 Be7 5. d3 Nc6 6. Nf3 0-0 7. 0-0 d6 8. a3 h6 9. Rb1 Be6 10. b4 Qd7 11. Nd2 Bd8 12. Nd5 Bg4 13. Nxf6+ Bxf6 14. Ne4 Be7 15. Re1 Rab8 16. bxc5 dxc5 17. Qa4 Bh3 18. Bh1 Rbc8 19. Nc3 b6 20. Nd5 Rfe8 21. Bd2 h5 22. Qd1 Bd8 23. a4 h4 24. e3 Bg4 25. Bf3 Bxf3 26. Qxf3 a5 27. e4 h3 28. Rxb6 Bxb6 29. Nxb6 Qd8 30. Nxc8 Qxc8 31. Bc3 Qb7 1/2-1/2

[Event "LSS No Engine Cup 44 Final"]
[Site "LSS email"]
[Date "2012.02.19"]
[Round "?"]
[White "Def, Persey"]
[Black "Ruzicka, Richard"]
[Result "1-0"]
[WhiteElo "1922"]
[BlackElo "1606"]
[PlyCount "71"]
[EventDate "2012.02.20"]
[EventType "tourn (corr)"]
[EventRounds "6"]
[EventCountry "GER"]
[SourceTitle "Telechess CBM 153"]
[Source "ChessBase"]
[SourceDate "2013.03.14"]
[SourceVersion "1"]
[SourceVersionDate "2013.03.14"]
[SourceQuality "1"]

1. c4 Nf6 2. g3 c5 3. Bg2 Nc6 4. Nc3 e6 5. Nf3 d5 6. cxd5 Nxd5 7. 0-0 Be7 8. d4 0-0 9. e4 Nb6 10. dxc5 Bxc5 11. Bf4 Qe7 12. e5 Rd8 13. Qc1 Nb4 14. Bg5 f6 15. exf6 gxf6 16. Bxf6 Qxf6 17. Ne4 Qe7 18. Qxc5 Qxc5 19. Nxc5 Rd5 20. Rfc1 Nd3 21. Nxd3 Rxd3 22. Rc5 Bd7 23. Ne5 Rd2 24. Bxb7 Rf8 25. f4 Rxb2 26. Rc7 Be8 27. Be4 Bg6 28. Nxg6 hxg6 29. Bxg6 Rd8 30. Bf7+ Kh8 31. Bxe6 Rdd2 32. Bh3 Rxh2 33. Rd1 Rhd2 34. Rxd2 Rxd2 35. Be6 Rd6 36. Bb3 1-0

[Event "LSS No Engine Cup 44 Final"]
[Site "LSS email"]
[Date "2012.02.19"]
[Round "?"]
[White "Morcin, Tom"]
[Black "Def, Persey"]
[Result "1-0"]
[WhiteElo "2117"]
[BlackElo "1922"]
[PlyCount "97"]
[EventDate "2012.02.20"]
[EventType "tourn (corr)"]
[EventRounds "6"]
[EventCountry "GER"]
[SourceTitle "Telechess CBM 153"]
[Source "ChessBase"]
[SourceDate "2013.03.14"]
[SourceVersion "1"]
[SourceVersionDate "2013.03.14"]
[SourceQuality "1"]

1. Nf3 Nf6 2. g3 g6 3. Bg2 Bg7 4. d4 0-0 5. c4 d6 6. 0-0 c6 7. Nc3 Nbd7 8. a4 a5 9. b3 Re8 10. Re1 e5 11. e3 exd4 12. exd4 Rxe1+ 13. Qxe1 Qb6 14. Bf4 Qxb3 15. Bf1 Bf8 16. Rb1 Qc2 17. d5 c5 18. h3 Ra6 19. Rd1 Qb3 20. Bd3 Qb6 21. g4 Qd8 22. Qe3 h5 23. g5 Ne8 24. Re1 Ng7 25. Kg2 Ra8 26. Ne4 Nf5 27. Qe2 b6 28. Qc2 h4 29. Nc3 Nb8 30. Qe2 Ng7 31. Nxh4 Nd7 32. Qe3 Ne5 33. Bxe5 dxe5 34. Nf3 Bf5 35. Nxe5 Bxd3 36. Nxd3 Nf5 37. Qd2 Bd6 38. Ne5 Nh4+ 39. Kg3 Nf5+ 40. Kh2 Nd4 41. Kg2 Qc7 42. Nf3 Nxf3 43. Kxf3 Qd7 44. Kg2 Qf5 45. Ne4 Be5 46. Qe3 Bd4 47. Qf3 Qd7 48. Nf6+ Bxf6 49. gxf6 1-0

[Event "LSS No Engine Cup 44 Final"]
[Site "LSS email"]
[Date "2012.02.19"]
[Round "?"]
[White "Tkachenko, Oleg Pavlovich"]
[Black "Def, Persey"]
[Result "1/2-1/2"]
[WhiteElo "1878"]
[BlackElo "1922"]
[PlyCount "77"]
[EventDate "2012.02.20"]
[EventType "tourn (corr)"]
[EventRounds "6"]
[EventCountry "GER"]
[SourceTitle "Telechess CBM 153"]
[Source "ChessBase"]
[SourceDate "2013.03.14"]
[SourceVersion "1"]
[SourceVersionDate "2013.03.14"]
[SourceQuality "1"]

1. d4 Nf6 2. c4 c5 3. d5 b5 4. cxb5 a6 5. bxa6 g6 6. e3 Bxa6 7. Bxa6 Nxa6 8. Nc3 Bg7 9. Nf3 0-0 10. e4 c4 11. 0-0 Nb4 12. Ne1 Qc7 13. Be3 Rfb8 14. h3 d6 15. a3 Na6 16. Qe2 Nd7 17. Rc1 Qb7 18. Nd1 c3 19. b4 Nc7 20. Nxc3 Rxa3 21. Nb1 Rb3 22. Nd3 Ne5 23. Nxe5 Bxe5 24. Rc4 Rxb4 25. Nd2 Qb5 26. Rfc1 Na6 27. f4 Bb2 28. Rc8+ Kg7 29. Qxb5 R8xb5 30. R1c4 Nc5 31. Re8 Rb7 32. Kf1 R4b5 33. Rc8 Nb3 34. Nf3 Ba3 35. Nd4 Nxd4 36. Bxd4+ f6 37. Ke2 Kf7 38. g4 Bb2 39. Bc3 1/2-1/2

[Event "RB-2011-0-00139"]
[Site "LSS email"]
[Date "2011.10.08"]
[Round "?"]
[White "Kroes, Friso"]
[Black "Def, Persey"]
[Result "1/2-1/2"]
[WhiteElo "1914"]
[BlackElo "1895"]
[PlyCount "81"]
[EventDate "2011.09.26"]
[EventType "tourn (corr)"]
[EventRounds "6"]
[EventCountry "GER"]
[SourceTitle "Telechess CBM 157"]
[Source "ChessBase"]
[SourceDate "2013.11.12"]
[SourceVersion "1"]
[SourceVersionDate "2013.11.12"]
[SourceQuality "1"]

1. e4 c5 2. Nf3 Nc6 3. d4 cxd4 4. Nxd4 Nf6 5. Nc3 e5 6. Ndb5 d6 7. Nd5 Nxd5 8. exd5 Nb8 9. c4 Be7 10. Be2 a6 11. Nc3 0-0 12. 0-0 f5 13. f3 Nd7 14. Be3 Bg5 15. Bf2 Qf6 16. Qc2 Qh6 17. b4 Nf6 18. Rad1 Bd7 19. c5 e4 20. fxe4 fxe4 21. Bg3 Ng4 22. Bxg4 Be3+ 23. Kh1 Bxg4 24. Rb1 dxc5 25. Qxe4 cxb4 26. Qxg4 bxc3 27. Qc4 b5 28. Qxc3 Bf4 29. Bxf4 Rxf4 30. Rxf4 Qxf4 31. Qc6 Rf8 32. h3 Qc4 33. Qe6+ Kh8 34. Qe5 h6 35. d6 Qc2 36. Re1 Qd2 37. Re3 Rf1+ 38. Kh2 Rd1 39. Qe8+ Kh7 40. Qe4+ Kh8 41. Qe8+ 1/2-1/2

[Event "RB-2011-0-00138"]
[Site "LSS email"]
[Date "2011.10.06"]
[Round "?"]
[White "Varend, Erik"]
[Black "Def, Persey"]
[Result "1/2-1/2"]
[WhiteElo "1926"]
[BlackElo "1895"]
[PlyCount "103"]
[EventDate "2011.09.24"]
[EventType "tourn (corr)"]
[EventRounds "6"]
[EventCountry "GER"]
[SourceTitle "Telechess CBM 157"]
[Source "ChessBase"]
[SourceDate "2013.11.12"]
[SourceVersion "1"]
[SourceVersionDate "2013.11.12"]
[SourceQuality "1"]

1. c4 e5 2. Nf3 Nc6 3. Nc3 Nf6 4. e4 Bb4 5. d3 d6 6. Be2 0-0 7. 0-0 Bxc3 8. bxc3 Nd7 9. Bg5 Qe8 10. Re1 Nc5 11. Nh4 f6 12. Bd2 Ne7 13. Bc1 Qa4 14. Qd2 Be6 15. Qb2 Qa5 16. Bd2 Bd7 17. Bf1 Bc6 18. Qc1 Rae8 19. Rb1 b6 20. f3 Ne6 21. Rb3 Qa6 22. Ra3 Qb7 23. Qc2 Bd7 24. Kf2 c5 25. Nf5 Nxf5 26. exf5 Ng5 27. d4 exd4 28. cxd4 cxd4 29. Rxe8 Rxe8 30. g4 h6 31. Qb2 Bc6 32. Bg2 Nf7 33. h3 d5 34. Qxd4 dxc4 35. Qxc4 Bd5 36. Qb5 Rc8 37. Kg3 Qe7 38. Qb4 Nd6 39. Rd3 Rc4 40. Qb1 Qb7 41. a3 Kh7 42. Qf1 b5 43. Qe2 a6 44. f4 Ne4+ 45. Kh4 Bc6 46. Ba5 Ra4 47. Qe1 Qa7 48. Rb3 Qd4 49. Bxe4 Bxe4 50. Qd2 Qd5 51. Re3 Rd4 52. Qe2 1/2-1/2

[Event "LSS No Engine Cup 44 Preliminary 6"]
[Site "LSS email"]
[Date "2011.06.11"]
[Round "?"]
[White "Def, Persey"]
[Black "Martin, Dennis"]
[Result "1-0"]
[WhiteElo "1881"]
[BlackElo "1470"]
[PlyCount "23"]
[EventDate "2011.06.12"]
[EventType "tourn (corr)"]
[EventRounds "6"]
[EventCountry "GER"]
[SourceTitle "Corr 2015"]
[Source "ChessBase"]
[SourceDate "2015.07.17"]
[SourceVersion "1"]
[SourceVersionDate "2015.07.17"]
[SourceQuality "1"]

1. d4 Nf6 2. Nf3 e6 3. c4 d5 4. g3 c6 5. Bg2 dxc4 6. Ne5 Bb4+ 7. Bd2 Qxd4 8. Bxb4 Qxe5 9. Na3 Qxb2 10. Rb1 Qe5 11. Nxc4 Qc7 12. Nd6+ 1-0